01401nam a2200337 i 4500001001300000005001700013006001900030007001500049008004100064010001700105020001800122035001000140040003100150042001500181043001200196050002400208082001500232100003000247245034300277264004600620300004000666336002600706337002600732338003600758504004100794500007100835650004000906650003200946650004400978856004101022 201930807620240305165702.0m o d cr un ---uuuua190408s2019 bl ob 000 0 por d a 2019308076 a9788538405412 a41873 aUtOrBLWbengerdacUtOrBLW alcodeapcc as-bl---00aKHD2501b.W383 201904a347.812231 aWatanabe, Kazuo,eauthor.10aAcesso à ordem jurídica justa (conceito atualizado de acesso à justiça) :bprocessos coletivos e outros estudos /cKazuo Watanabe ; prefácio: Min. Ellen Gracie Northfleet ; apresentação: Prof. Humberto Theodoro Júnior ; gratidão pela colaboração: Ana Lúcia Watanabe, Vicente Gomes de Oliveira Filho, Ester Ioshimi. 1aBelo Horizonte :bDel Rey Editora,c2019. a1 online resource (xxvi, 421 pages) atextbtxt2rdacontent acomputerbc2rdamedia aonline resourcebcr2rdacarrier aIncludes bibliographical references. aIncludes articles originally published in Brazilian law magazines. 0aJustice, Administration ofzBrazil. 0aDue process of lawzBrazil. 0aPublic recordsxAccess controlzBrazil.40uhttps://app.vlex.com/#/sources/41873